002770000a220007300045001000021000002450092000210410013001137730077001261 aHowden, Henry F.10aExpansion and contraction cycle, endemism and areasthe taxon cycle brought full circle0 aInglés1 tTaxonomy, phylogeny and zoogeography of beetles and ants.q473-487d1985